00595cam a22002177a 4500003000500000005001700005008004100022010001000063011001000073035001000083040000900093082001700102110003700119245006400156260002200220300001900242650003200261650001900293710002300312710004200335CHAP20220329134356.0971013s1964 r 00010 d a19589 a20561 a24649 cCHAP a311.058bA54 aAmerican Statistical Association 0aDirectory of statisticians and others in allied professions aWashington,c1964 apág. varía14aEstadísticaxDirectorios.14aMatemáticos.0 aBiometric Society.0 aInstitute of Mathematical Statistics.